| 000 | 00476nam a2200193Ia 4500 | ||
|---|---|---|---|
| 008 | 170918s9999 xx 000 0 und d | ||
| 020 | _a9780439351911 | ||
| 050 | _bL425 2002 | ||
| 100 | _aLawson, Barbara | ||
| 245 | _aSpare the mare! / | ||
| 245 | _cBarbara Lawson ; illustrated by Nancy Lane. | ||
| 260 | _aNew York : | ||
| 260 | _bScholastic, | ||
| 260 | _c2002 | ||
| 300 | _a16 pages : | ||
| 300 | _bcolored illustration ; | ||
| 300 | _c23cm. | ||
| 500 | _a580 | ||
| 999 |
_c341563 _d341563 |
||